Measuring software reuse : Principles, practices, and economic models /

Guardado en:
Detalles Bibliográficos
Autor principal: Poulin, Jeffrey S (Autor)
Formato: Libro
Lenguaje:inglés
Publicado: Reading : Addison-Wesley, 1997
Materias:
Etiquetas: Agregar Etiqueta
Sin Etiquetas, Sea el primero en etiquetar este registro!

MARC

LEADER 00000nam a22000003a 4500
001 stu10233
005 20200928112740.1
008 971030s1997----xxu-----------------eng-d
020 |a 0-201-63413-9 
040 |a STU  |b slo 
041 0 |a eng 
044 |a xxu 
080 |a 681.32.06 
080 |a 519.68 
084 |a C0230  |2 INS 
084 |a C0310F  |2 INS 
084 |a C6110  |2 INS 
100 1 |a Poulin, Jeffrey S  |4 aut 
245 1 |a Measuring software reuse :  |b Principles, practices, and economic models /  |c [aut.] Poulin,Jeffrey S 
260 |a Reading :  |b Addison-Wesley,  |c 1997 
300 |a 195 s 
650 7 |a programové systémy  |2 stusub 
650 7 |a efektívnosť  |2 stusub 
650 7 |a znovu použiteľný softvér  |2 stusub 
996 |b 284IZ00566  |c I*20PS5105  |l II680  |s A  |a 24  |w stu10233_0001